Générique :Jewelpet saison 1 - Statistiques

Statistiques générales
  • Ce quiz a été pris 11 fois
  • Le résultat moyen est 97 sur 145
Statistiques - réponses
Paroles % Correct
a
90%
bijou
90%
il
90%
Il
90%
la
90%
tu
90%
Tu
90%
cherches
80%
de
80%
demandes
80%
là-haut
80%
Magie!
80%
Quand
80%
qui
80%
Qui
80%
tout
80%
un
80%
va
80%
y
80%
ça
70%
coeur
70%
comme
70%
des
70%
du
70%
et
70%
jamais
70%
jours
70%
le
70%
les
70%
mais
70%
ne
70%
on
70%
70%
partout
70%
que
70%
rêves
70%
rien
70%
scintille
70%
scintille.
70%
se
70%
sent
70%
seule
70%
te
70%
verras!
70%
brille
60%
brillent
60%
Car
60%
Ce
60%
ciel
60%
comment
60%
dans
60%
éclats
60%
est
60%
étoiles
60%
grande
60%
illuminé
60%
l'amitié
60%
l'esperance
60%
l'espérance
60%
mille
60%
oublier
60%
peux
60%
tes
60%
toujours
60%
vivre
60%
avec
50%
courage
50%
enfin
50%
heuresement
50%
lendemain
50%
lumière
50%
mirage
50%
n'est
50%
pas
50%
possible
50%
ton
40%
as
30%
au
30%
bonheur
30%
clé
30%
n'dure
30%
Pense
30%
sa
30%
devant
20%
Magie Magie
20%
nous
20%
sourions
20%
vie
20%
Aucun quiz correspondant
Distribution des résultats
% des personnes avec chaque résultat
Percentile par nombre de réponses
Votre historique - résultats
Vous n’avez pas pris ce quiz